|
|
|
|
| LEADER |
00000nab a2200000 a 4500 |
| 001 |
vtls000008314 |
| 003 |
SK-MaSNL |
| 005 |
20260305023831.0 |
| 008 |
250422c1978 xo 0 slo |
| 015 |
|
|
|a SNBRB19rr/mm-uuuuu
|
| 035 |
|
|
|a CL0018407
|
| 035 |
|
|
|a urn:nbn:sk:snk-abdjlk
|
| 035 |
|
|
|a (urnnbn)urn:nbn:sk:snk:ar-0014in
|
| 035 |
|
|
|a (uuid)058ade60-435e-46c0-96b4-93a86a1a7dd5
|
| 040 |
|
|
|a SNKBUCL
|b slo
|c SNKBUCL
|e AACR2
|
| 041 |
0 |
|
|a slo
|
| 044 |
|
|
|a xo
|c SK
|
| 080 |
|
|
|a 792
|2 1981
|
| 080 |
|
|
|a 378
|2 1981
|
| 100 |
1 |
|
|a Mistrík, Miloš,
|d 1953-
|4 aut
|9 103210
|
| 245 |
1 |
0 |
|a Konferencia adeptov divadla
|c Miloš Mistrík
|
| 300 |
|
|
|b Obr. 4.
|
| 650 |
0 |
7 |
|a divadlo
|2 snkbucl
|9 3335
|
| 650 |
0 |
7 |
|a vysoké školy
|2 snkbucl
|9 1277
|
| 655 |
|
7 |
|a články z novín a časopisov
|2 snkbucl
|9 267496
|
| 773 |
0 |
|
|t Film a divadlo
|g Roč. 22, č. 16 (1978), s. 26-ľý
|
| 850 |
|
|
|a Slovenská národná knižnica
|
| 852 |
|
|
|a Slovenská národná knižnica
|
| 954 |
|
|
|a odborná, vedecká literatúra pôvodná (slovenská)
|2 lita
|
| 957 |
|
|
|a 5100
|
| 958 |
|
|
|a article19
|
| 958 |
|
|
|a OND
|
| 958 |
|
|
|a RK
|
| 958 |
|
|
|a EUIPO
|
| 992 |
|
|
|a RBX
|
| 999 |
|
|
|c 3299300
|d 3301230
|